00705nam a2200241 a 4500001001300000003000900013005001700022008004100039020001200080082001300092100002900105245008000134260003100214300000900245500003500254505001000289650001300299700002900312902000800341942000700349952009200356999001500448nice12345678IN_TiNIC20260116012038.0050524s1957 newa grp 000 0 eng  ac65.2500a200bALB aAlbrigh, William Foxwell aFrom the Stoen Age to Christianityb Monotheism and the Historical Process. aNew YorkbDoubleday c1957 a341p aincludes index and biblioraphy2 aIndex aReligion1 aAlbrigh, William Foxwell bSRS cBK 00104070aHMIbHMId2005-05-24g65.25l0o200 ALBp05732r2005-05-24w2026-01-16yEB c5410d5410